[Event "VEN-ch (Women)"]
[Site "Lecheria"]
[Date "2015.03.17"]
[Round "8"]
[White "Duran Reina, Luisa Elena"]
[Black "Vasquez Alcala, Astrid"]
[Result "1/2-1/2"]
[WhiteElo "1921"]
[BlackElo "2016"]
[PlyCount "69"]
[EventDate "2015.03.12"]
[EventType "tourn"]
[EventRounds "11"]
[EventCountry "VEN"]
[SourceTitle "CBM 165 Extra"]
[Source "ChessBase"]
[SourceDate "2015.04.21"]
[SourceVersion "1"]
[SourceVersionDate "2015.04.21"]
[SourceQuality "1"]

1. d4 Nf6 2. c4 g6 3. Nc3 Bg7 4. e4 d6 5. Be2 Nbd7 6. Nf3 0-0 7. 0-0 c5 8. dxc5 Nxc5 9. e5 dxe5 10. Nxe5 Nfe4 11. Nxe4 Nxe4 12. Nf3 Qc7 13. Qc2 Nc5 14. Bd2 Bf5 15. Qc1 Nd3 16. Bxd3 Bxd3 17. Re1 e6 18. b3 b5 19. Bh6 bxc4 20. Bxg7 Kxg7 21. Qc3+ Kg8 22. Ne5 Rfd8 23. Ng4 h5 24. Nf6+ Kf8 25. Nd5 Rxd5 26. Qh8+ Ke7 27. Qxa8 Rd8 28. Qf3 c3 29. Re3 c2 30. Rc1 Qc3 31. h4 Qb2 32. Ree1 Rd7 33. Qe3 Qxa2 34. Qc5+ Ke8 35. Qc8+ 1/2-1/2

[Event "VEN-ch (Women)"]
[Site "Lecheria"]
[Date "2015.03.14"]
[Round "4"]
[White "Montilla Reyes, Jorcerys"]
[Black "Vasquez Alcala, Astrid"]
[Result "1/2-1/2"]
[WhiteElo "2112"]
[BlackElo "2016"]
[PlyCount "92"]
[EventDate "2015.03.12"]
[EventType "tourn"]
[EventRounds "11"]
[EventCountry "VEN"]
[SourceTitle "CBM 165 Extra"]
[Source "ChessBase"]
[SourceDate "2015.04.21"]
[SourceVersion "1"]
[SourceVersionDate "2015.04.21"]
[SourceQuality "1"]

1. d4 Nf6 2. c4 e6 3. Nf3 d5 4. Nc3 c6 5. e3 Nbd7 6. Bd3 dxc4 7. Bxc4 b5 8. Bd3 a6 9. 0-0 Be7 10. e4 Bb7 11. Qe2 b4 12. Na4 c5 13. dxc5 Nxc5 14. Nxc5 Bxc5 15. Bg5 h6 16. Bh4 Be7 17. Rfd1 Nd7 18. Bg3 Qa5 19. Rac1 Nc5 20. Bb1 Qb6 21. Ne5 0-0 22. Qg4 Qb5 23. Nc4 Nxe4 24. Bxe4 f5 25. Bxf5 exf5 26. Qe2 Rae8 27. Qe5 Bc5 28. Qc7 Rc8 29. Nd6 Bxd6 30. Qxd6 Rxc1 31. Rxc1 Qd5 32. Qxd5+ Bxd5 33. Bd6 Re8 34. Bxb4 Bxa2 35. Rc6 Re6 36. Rc7 Bd5 37. Rd7 Bc6 38. Ra7 Bb5 39. Bc3 g6 40. h4 h5 41. Kh2 Rd6 42. Kg3 Rd7 43. Ra8+ Kf7 44. Kf4 Re7 45. f3 Re8 46. Ra7+ Re7 1/2-1/2

[Event "VEN-ch (Women)"]
[Site "Lecheria"]
[Date "2014.01.12"]
[Round "5"]
[White "Patino Garcia, Corals"]
[Black "Vasquez Alcala, Astrid"]
[Result "1-0"]
[WhiteElo "1799"]
[BlackElo "1930"]
[PlyCount "105"]
[EventDate "2014.01.10"]
[EventType "swiss"]
[EventRounds "9"]
[EventCountry "VEN"]
[SourceTitle "CBM 158 Extra"]
[Source "ChessBase"]
[SourceDate "2014.02.28"]
[SourceVersion "1"]
[SourceVersionDate "2014.02.28"]
[SourceQuality "1"]

1. d4 d5 2. c4 e6 3. Nc3 Nf6 4. Bg5 Be7 5. e3 h6 6. Bh4 0-0 7. cxd5 Nxd5 8. Bxe7 Qxe7 9. Nf3 b6 10. Nxd5 exd5 11. Be2 Qb4+ 12. Qd2 Qxd2+ 13. Kxd2 Ba6 14. Rhc1 Bxe2 15. Kxe2 c6 16. Rc2 f6 17. Ne1 Kf7 18. Nd3 Ke6 19. Rac1 Kd6 20. b4 b5 21. a4 a6 22. a5 Ra7 23. Nc5 Rc8 24. f3 Nd7 25. Nxd7 Rxd7 26. e4 Rdc7 27. Kd3 Re8 28. Rc5 Ree7 29. R1c2 h5 30. Rc1 g6 31. Re1 f5 32. e5+ Kd7 33. f4 Re6 34. h3 Rc8 35. Rc2 Rg8 36. Ke3 Re7 37. Ree2 Re6 38. Kf3 h4 39. g4 Re7 40. Rg2 Reg7 41. Rc1 fxg4+ 42. Rxg4 Rf8 43. Ke3 g5 44. Rxg5 Rxg5 45. fxg5 Rf5 46. Rg1 Rf8 47. g6 Rg8 48. g7 Ke6 49. Kf4 Kf7 50. Kf5 Rxg7 51. e6+ Kf8 52. Rxg7 Kxg7 53. Ke5 1-0

[Event "San Cristobal Bolivar op 1st"]
[Site "San Cristobal"]
[Date "2012.09.29"]
[Round "8"]
[White "Brizuela Abreu, Reivis Gabriel"]
[Black "Vasquez Alcala, Astrid"]
[Result "1-0"]
[WhiteElo "2131"]
[BlackElo "1928"]
[PlyCount "89"]
[EventDate "2012.09.25"]
[EventType "swiss"]
[EventRounds "10"]
[EventCountry "VEN"]
[SourceTitle "EXT 2013"]
[Source "ChessBase"]
[SourceDate "2012.11.22"]
[SourceVersion "1"]
[SourceVersionDate "2012.11.22"]
[SourceQuality "1"]

1. d4 d5 2. c4 e6 3. Nc3 Nf6 4. cxd5 exd5 5. Bg5 Nbd7 6. e3 c6 7. Bd3 Qb6 8. Qc2 Bd6 9. Nge2 h6 10. Bh4 0-0 11. 0-0 Re8 12. Bg3 Bf8 13. h3 Qd8 14. Rae1 Qe7 15. Bh2 g6 16. Ng3 Bg7 17. e4 Qb4 18. e5 Ne4 19. Ngxe4 dxe4 20. Rxe4 Nf8 21. d5 Qa5 22. b4 Qd8 23. d6 Bf5 24. Re2 Bxd3 25. Qxd3 Nd7 26. Rfe1 a5 27. b5 Nc5 28. Qc4 Ne6 29. bxc6 bxc6 30. Rb1 Rb8 31. Reb2 Rxb2 32. Rxb2 Nf8 33. Rb7 Nd7 34. f4 Qh4 35. g3 Nxe5 36. Qf1 Nf3+ 37. Qxf3 Qxh3 38. Re7 Bd4+ 39. Kh1 Rd8 40. d7 Kg7 41. Ne4 Rb8 42. Nd2 Rb2 43. d8Q Rxd2 44. Rxf7+ Kxf7 45. Qb3+ 1-0

[Event "San Cristobal Bolivar op 1st"]
[Site "San Cristobal"]
[Date "2012.09.26"]
[Round "2"]
[White "Ruge, Edison"]
[Black "Vasquez Alcala, Astrid"]
[Result "1-0"]
[WhiteElo "2205"]
[BlackElo "1928"]
[PlyCount "73"]
[EventDate "2012.09.25"]
[EventType "swiss"]
[EventRounds "10"]
[EventCountry "VEN"]
[SourceTitle "EXT 2013"]
[Source "ChessBase"]
[SourceDate "2012.11.22"]
[SourceVersion "1"]
[SourceVersionDate "2012.11.22"]
[SourceQuality "1"]

1. Nf3 f5 2. g3 Nf6 3. Bg2 g6 4. 0-0 Bg7 5. d3 0-0 6. Re1 d6 7. c3 h6 8. e4 e6 9. Qb3 Na6 10. e5 Nc5 11. Qc2 Ng4 12. b4 Na6 13. d4 h5 14. h3 Nh6 15. Bg5 Qe8 16. Nbd2 Nf7 17. Bf4 Qe7 18. h4 dxe5 19. Nxe5 Nxe5 20. Bxe5 Bh6 21. Nc4 Qf7 22. b5 Nb8 23. f4 c6 24. Bd6 Rd8 25. Ne5 Qg7 26. Bxb8 Rxb8 27. bxc6 b5 28. Rad1 Kh7 29. d5 Qc7 30. Qf2 Bg7 31. d6 Rxd6 32. Rxd6 Qxd6 33. Qxa7 Kg8 34. Qf7+ Kh8 35. Nxg6+ Kh7 36. Ne7 Qc5+ 37. Kh2 1-0

[Event "Pan American-ch U18 Girls 18th"]
[Site "Mar del Plata"]
[Date "2009.08.20"]
[Round "8"]
[White "Fernandez, Maria Florencia"]
[Black "Vasquez Alcala, Astrid"]
[Result "1-0"]
[WhiteElo "2191"]
[BlackElo "1901"]
[PlyCount "52"]
[EventDate "2009.08.16"]
[EventType "swiss"]
[EventRounds "9"]
[EventCountry "ARG"]
[SourceTitle "EXT 2022"]
[Source "ChessBase"]
[SourceDate "2021.10.06"]
[SourceVersion "1"]
[SourceVersionDate "2021.10.06"]
[SourceQuality "1"]

1. d4 d5 2. c4 e6 3. Nc3 Nf6 4. Nf3 a6 5. Bg5 Be7 6. e3 dxc4 7. Bxc4 b5 8. Bd3 Bb7 9. 0-0 Nbd7 10. Rc1 Rc8 11. a3 c5 12. Qe2 0-0 13. Bb1 c4 14. Rfd1 Re8 15. e4 Qb6 16. e5 Nd5 17. Bxe7 Nxe7 18. Ng5 h6 19. Nge4 Ra8 20. Qg4 Kh8 21. Nd6 Rf8 22. Qh5 Kg8 23. Nce4 Bxe4 24. Nxe4 Rab8 25. Rc3 f5 26. Rg3 Kh7 1-0

[Event "Pan American-ch U18 Girls 18th"]
[Site "Mar del Plata"]
[Date "2009.08.18"]
[Round "4"]
[White "Vasquez Alcala, Astrid"]
[Black "Romero Echeverria, Abigail"]
[Result "0-1"]
[WhiteElo "1901"]
[BlackElo "2048"]
[PlyCount "65"]
[EventDate "2009.08.16"]
[EventType "swiss"]
[EventRounds "9"]
[EventCountry "ARG"]
[SourceTitle "EXT 2022"]
[Source "ChessBase"]
[SourceDate "2021.10.06"]
[SourceVersion "1"]
[SourceVersionDate "2021.10.06"]
[SourceQuality "1"]

1. d4 Nf6 2. g3 g6 3. Bg2 d5 4. Nd2 Bg7 5. Ngf3 0-0 6. 0-0 c6 7. Ne5 Nbd7 8. f4 Qc7 9. e3 b6 10. c4 Bb7 11. b3 c5 12. Bb2 e6 13. Rc1 Rac8 14. g4 dxc4 15. Bxb7 Qxb7 16. g5 Nd5 17. Ndxc4 Nxe5 18. fxe5 Qc7 19. h4 b5 20. e4 bxc4 21. exd5 exd5 22. bxc4 cxd4 23. Qxd4 dxc4 24. Rxc4 Bxe5 25. Qxe5 Qxe5 26. Bxe5 Rxc4 27. Bg3 Rfc8 28. Bf4 Rc2 29. a3 R2c4 30. Rf3 a5 31. Be5 R4c5 32. Bg3 Rc4 33. Rd3 0-1